Sports Quiz

Random Sports or World Cup Quiz

FIFA World Cup players: England Quiz Stats

 Plays Quiz not verified by Sporcle

Challenge
Share
Tweet
Embed
Score 0/158 Timer 18:00
2 Plays Today
Position Player % Correct
MFDavid Beckham
90.3%
FWMichael Owen
87.6%
MFSyd Owen
87.5%
FWBobby Charlton
87.3%
DFJack Charlton
87.1%
DFAshley Cole
86.9%
MFJoe Cole
86.8%
MFFrank Lampard
86.5%
MFSteven Gerrard
85.3%
DFRio Ferdinand
85%
DFJohn Terry
83.4%
DFBobby Moore
83.2%
FWWayne Rooney
82.5%
FWAlan Shearer
82.2%
GKPeter Shilton
82%
DFGary Neville
81.2%
FWGary Lineker
80.8%
GKDavid Seaman
80.5%
MFPaul Scholes
80.2%
GKDavid James
79.6%
GKGordon Banks
78.8%
DFTommy Banks
78.5%
DFBilly Wright
77.1%
FWGeoff Hurst
77%
DFTommy Wright
76.9%
DFMark Wright
76.9%
DFSol Campbell
74.4%
GKRobert Green
74.4%
DFTony Adams
74%
FWTeddy Sheringham
74%
MFPaul Gascoigne
73.9%
MFBryan Robson
72.2%
FWEmile Heskey
72.2%
FWBobby Robson
71.9%
FWPeter Crouch
71.1%
FWJermain Defoe
68.5%
DFGlen Johnson
68.3%
GKPaul Robinson
67.8%
MFNicky Butt
67.5%
DFStuart Pearce
66.4%
MFAlan Ball
65%
DFTerry Butcher
64.9%
MFPaul Ince
64.7%
MFMartin Peters
64.4%
FWJimmy Greaves
64%
MFJohn Barnes
63.8%
MFChris Waddle
63.3%
MFDavid Platt
63.1%
DFPaul Parker
62.9%
FWKevin Keegan
62.8%
MFNobby Stiles
61.3%
MFGlenn Hoddle
60.9%
FWRobbie Fowler
60.9%
Position Player % Correct
FWPeter Beardsley
60.8%
DFMick Mills
59.9%
DFDanny Mills
59.9%
FWStanley Matthews
59.3%
DFGareth Southgate
58.8%
MFSteve McManaman
58.2%
MFDarren Anderton
57.6%
DFDes Walker
57.5%
MFDavid Batty
57.3%
DFJamie Carragher
57.3%
FWRoger Hunt
57.2%
MFJames Milner
56%
DFGeorge Cohen
55.9%
MFOwen Hargreaves
55.7%
DFMatthew Upson
54.2%
MFRay Wilkins
53.1%
DFRay Wilson
52.9%
MFMichael Carrick
51.9%
MFGareth Barry
51.7%
MFTrevor Steven
50.6%
FWKerry Dixon
49.8%
FWTom Finney
49.6%
DFGraeme Le Saux
49.6%
FWFrancis Lee
49.1%
MFRobert Lee
49.1%
DFLedley King
48.7%
DFGary Stevens
47.9%
DFGary A. Stevens
47.9%
GKPeter Bonetti
45.2%
MFShaun Wright-Phillips
44.9%
MFAaron Lennon
44.7%
DFKenny Sansom
43.6%
MFTrevor Sinclair
43.3%
FWTrevor Francis
43.2%
MFPaul Merson
43.1%
DFPhil Thompson
42.8%
MFLaurie Hughes
42.2%
MFTrevor Brooking
41%
MFPeter Reid
40.8%
FWNat Lofthouse
40%
FWDarius Vassell
39.8%
FWSteve Bull
39.2%
MFStewart Downing
37.6%
FWPaul Mariner
37.4%
FWTommy Taylor
35.6%
DFNorman Hunter
35.3%
MFSteve Hodge
34.8%
MFKieron Dyer
34.7%
FWMark Hateley
34.6%
DFWayne Bridge
34.5%
MFRon Flowers
34.2%
MFAlan Mullery
34.1%
DFPhil Neal
34.1%
Position Player % Correct
MFColin Bell
32.6%
DFAlf Ramsey
32%
FWAllan Clarke
31.9%
FWTony Woodcock
31.9%
MFSteve McMahon
31.9%
FWStan Mortensen
31.8%
DFTerry Fenwick
31.5%
GKBert Williams
30.8%
DFSteve Foster
30.7%
MFNeil Webb
30.6%
MFSteve Coppell
28.3%
DFTony Dorigo
27.9%
DFTerry Cooper
27.6%
FWJeff Astle
27.6%
DFJimmy Armfield
27.5%
FWJohnny Haynes
27.3%
DFBrian Labone
25.3%
GKRon Springett
24%
MFIan Callaghan
23.6%
FWPeter Osgood
23.6%
MFGraham Rix
22.1%
DFKeith Newton
22%
DFAlvin Martin
21.7%
FWJohn Connelly
20.1%
DFRoger Byrne
19.7%
FWWilf Mannion
18.3%
DFDon Howe
17.8%
FWTerry Paine
17.7%
GKColin McDonald
15%
FWGerry Hitchens
14%
FWJackie Milburn
13.9%
FWBryan Douglas
13.7%
MFJimmy Dickinson
13.4%
DFMaurice Norman
13.3%
GKGilbert Merrick
13.1%
FWDerek Kevan
11.3%
FWRoy Bentley
11%
FWIvor Broadis
11%
FWJimmy Mullen
10.4%
DFJohn Aston
8.9%
FWAlan A'Court
8.9%
FWPeter Broadbent
8.4%
MFBill Slater
8.1%
FWPeter Brabrook
7.5%
MFEddie Clamp
6.5%
FWDennis Wilshaw
6.3%
DFBill Eckersley
5.6%
DFRonnie Clayton
5.6%
FWAlan Peacock
5.5%
MFEddie Baily
5.1%
MFBill McGarry
4.2%
DFRon Staniforth
4%

You're not logged in!

Compare scores with friends on all Sporcle quizzes.
OR
Log In

You Might Also Like...

Show Comments

Extras

Top Quizzes Today


Score Distribution

Your Account Isn't Verified!

In order to create a playlist on Sporcle, you need to verify the email address you used during registration. Go to your Sporcle Settings to finish the process.

Report this User

Report this user for behavior that violates our Community Guidelines.

Details: